| 000 | 00705nam a2200229 u 4500 | ||
|---|---|---|---|
| 005 | 20240912063813.0 | ||
| 008 | 080731s2001 ag r 000 0 spa d | ||
| 020 | _a9500826348 | ||
| 035 | _aUPN01000158609 | ||
| 049 | _aI | ||
| 050 | 4 |
_aPZ71 _bB6.2 |
|
| 100 | 1 |
_aBoetto, Aldo _935547 |
|
| 245 | 1 | 3 |
_aLa curiosa Aylén viaja por el cuerpo humano / _cAldo Boetto ; il. Poly Bernatene. |
| 260 |
_aBuenos Aires : _bAtlántida, _c2001. |
||
| 300 |
_a[32] p. : _bprincipalmente il. col. |
||
| 440 | 0 | _aA partir de 5 años | |
| 650 | 4 |
_aLibros y lectura para niños _92290 |
|
| 650 | 4 |
_aCuentos infantiles _96744 |
|
| 650 | 2 |
_aCuerpo humano _99138 |
|
| 700 | 1 |
_aBernatene, Poly, _eil. |
|
| 905 | _aInfantil | ||
| 999 |
_c130723 _d130723 |
||